[Event "7th Veselin Boskovic Mem Op"]
[Site "Beograd SRB"]
[Date "2006.10.09"]
[Round "7"]
[White "Keserovic,M"]
[Black "Gaprindashvili,N1"]
[Result "1-0"]
[WhiteElo "2230"]
[BlackElo "2375"]

1.e4 g6 2.d4 c6 3.c4 d6 4.Nc3 e5 5.dxe5 dxe5 6.Qxd8+ Kxd8 7.f4 exf4 8.Bxf4 Be6
9.Nf3 Nd7 10.O-O-O Bg7 11.Nd4 Ngf6 12.Be2 Re8 13.Rhf1 h6 14.h3 Kc8 15.e5 Nh5
16.Nxe6 fxe6 17.Bxh5 gxh5 18.Ne4 Rf8 19.Nf6 Bxf6 20.exf6 Rxf6 21.Bh2 Rxf1
22.Rxf1 b6 23.Rf7 a5 24.Rh7 a4 25.Rxh6 Nc5 26.Bg1 Nd3+ 27.Kd2 Nxb2 28.Kc3 a3
29.Rh8+ Kb7 30.Rxa8 Kxa8 31.g4 hxg4 32.hxg4 b5 33.cxb5 cxb5 34.g5 Nc4 35.g6 Nd6
36.g7 Ne4+ 37.Kd4 Nf6 38.Ke5 Ng8 39.Bc5 Kb7 40.Kxe6 Kc7 41.Bxa3 Kd8 42.Bc1 Ke8
43.Bg5  1-0

[Event "7th Veselin Boskovic Mem Op"]
[Site "Beograd SRB"]
[Date "2006.10.10"]
[Round "8"]
[White "Gaprindashvili,N1"]
[Black "Dakic,D"]
[Result "1-0"]
[WhiteElo "2375"]
[BlackElo "2148"]

1.d4 Nf6 2.c4 c5 3.d5 g6 4.Nc3 Bg7 5.e4 d6 6.Nf3 O-O 7.Be2 e5 8.dxe6 Bxe6
9.Bf4 Qa5 10.O-O Nc6 11.Qd2 Ne5 12.Nb5 Nxf3+ 13.gxf3 Qxd2 14.Bxd2 Nh5 15.f4 Bh3
16.Rfe1 f5 17.Nc7 Rab8 18.Ne6 Rfe8 19.Ng5 Bg4 20.f3 h6 21.fxg4 fxg4 22.Bxg4 hxg5
23.fxg5 Bxb2 24.Rab1 Bd4+ 25.Kg2 Re7 26.Rb3 Rf8 27.Rf3 Rxf3 28.Bxf3 b6 29.Bxh5 gxh5
30.Bf4 Be5 31.Bxe5 Rxe5 32.h4 Kg7 33.Kf3 Re8 34.Rd1 Re6 35.Kf4 Kg6 36.Rd5 Kf7
37.Kf5 Rg6 38.e5 Re6 39.Rxd6 Rxd6 40.exd6  1-0

[Event "7th Veselin Boskovic Mem Op"]
[Site "Beograd SRB"]
[Date "2006.10.11"]
[Round "9"]
[White "Klasan,V"]
[Black "Gaprindashvili,N1"]
[Result "0-1"]
[WhiteElo "2220"]
[BlackElo "2375"]

1.e4 b6 2.d4 Bb7 3.Nc3 e6 4.Nf3 d6 5.Bd3 Nd7 6.O-O g6 7.Bg5 Ne7 8.Qd2 h6
9.Be3 Bg7 10.Rad1 a6 11.Ne2 Nf6 12.Ng3 Ng4 13.c3 O-O 14.Rfe1 Nxe3 15.Qxe3 Qe8
16.e5 Qa4 17.a3 Rad8 18.Ne4 dxe5 19.dxe5 Bxe4 20.Qxe4 Qxe4 21.Bxe4 g5 22.h3 Rfe8
23.Kf1 Kf8 24.g3 Rb8 25.Rd7 Rec8 26.Red1 Ke8 27.R7d2 Rd8 28.Ke2 Rxd2+ 29.Rxd2 Rd8
30.Rxd8+ Kxd8 31.Bd3 a5 32.Ke3 c6 33.Ke4 Ng6 34.b4 Kc7 35.bxa5 bxa5 36.Kd4 Nf8
37.Nd2 Nd7 38.f4 gxf4 39.gxf4 f6 40.exf6 Nxf6 41.c4 Nd7+ 42.Ke3 Bb2 43.Nb1 Bc1+
44.Kf3 Kd6 45.Bf1 Kc5 46.Ke4 Bb2 47.h4 Nf6+ 48.Kf3 Nh5 49.Be2 Kd4 50.Nd2 a4
51.Bd1 Bc1 52.Ne4 Nxf4 53.Bxa4 Nd3 54.Nd6 Ne5+ 55.Ke2  0-1

[Event "Euwe Stimulans"]
[Site "Arnhem NED"]
[Date "2007.08.17"]
[Round "1"]
[White "Olafsson,F"]
[Black "Gaprindashvili,N1"]
[Result "0-1"]
[WhiteElo "2452"]
[BlackElo "2364"]

1.Nf3 g6 2.g3 Bg7 3.d4 d6 4.Bg2 Nd7 5.c4 e5 6.Nc3 Nh6 7.O-O O-O 8.e4 c6 9.Rb1 f5
10.Bg5 Qe8 11.Qd2 Nf7 12.Be3 Nb6 13.b3 fxe4 14.Nh4 d5 15.cxd5 cxd5 16.dxe5 g5
17.f4 gxh4 18.Bxb6 axb6 19.Nxd5 Bf5 20.Rbd1 Rd8 21.Qe2 Nxe5 22.fxe5 Qxe5
23.Rxf5 Rxf5 24.Qxe4 Kh8 25.gxh4  0-1

[Event "Euwe Stimulans"]
[Site "Arnhem NED"]
[Date "2007.08.19"]
[Round "3"]
[White "Muhren,B"]
[Black "Gaprindashvili,N1"]
[Result "0-1"]
[WhiteElo "2334"]
[BlackElo "2364"]

1.e4 b6 2.d4 Bb7 3.Bd3 e6 4.Nf3 d6 5.c4 c5 6.d5 e5 7.Nc3 g6 8.h4 Nf6 9.Be3 Nbd7
10.Nh2 h5 11.Bg5 Be7 12.Qd2 a6 13.a4 Ng4 14.O-O-O Nxh2 15.Rxh2 Nf6 16.f3 Bc8
17.Be2 Bd7 18.g3 Qc7 19.Rg2 Bh3 20.Rh2 Bc8 21.Rg1 Ng8 22.g4 hxg4 23.fxg4 Bxg5
24.Qxg5 Qe7 25.Qxe7+ Kxe7 26.g5 Bd7 27.Kd2 Kf8 28.h5 gxh5 29.g6 Rh6 30.gxf7 Nf6
31.Rf1 Ke7 32.Rh4 Rf8 33.b3 Rxf7 34.Rg1 Kf8 35.Ke3 Rg7 36.Rxg7 Kxg7 37.Nd1 Rg6
38.Kf2 Kh6 39.Bf3 Kg5 40.Rh1 Kf4 41.Nc3 Bg4 42.Ne2+ Kg5 43.Ke3 h4 44.Ng1 Kh5
45.Rh3 Bxf3 46.Nxf3 Rg4 47.Nd2 Rf4 48.Rf3 Ng4+ 49.Ke2 Kg5 50.Rh3 Nf6 51.Ke3 Kg4
52.Rh1 h3 53.Rg1+ Kh5 54.Kd3 h2 55.Ra1 Ng4 56.Nf1 Rf3+ 57.Ke2 h1=Q 58.Ng3+ Rxg3
59.Rxh1+ Kg5 60.Rh8 Nf6 61.Rb8 Nxe4 62.Rxb6 a5 63.Rb8 Rh3 64.Rg8+ Kf5 65.Rf8+ Nf6
66.Rd8 Rxb3 67.Rxd6 Rc3 68.Ra6 Rxc4 69.Rxa5 Nxd5 70.Kd3 Rc3+ 71.Kd2 e4 72.Ra8 e3+
73.Ke1 Ke4 74.Re8+ Kd3 75.Kd1 Ra3  0-1

[Event "Euwe Stimulans"]
[Site "Arnhem NED"]
[Date "2007.08.24"]
[Round "7"]
[White "Barua,D"]
[Black "Gaprindashvili,N1"]
[Result "1-0"]
[WhiteElo "2462"]
[BlackElo "2364"]

1.e4 c6 2.d4 d5 3.exd5 cxd5 4.Bd3 Nc6 5.c3 g6 6.Nf3 Bg7 7.O-O Nh6 8.Re1 O-O
9.h3 Nf5 10.Bf4 Nd6 11.Qb3 e6 12.Nbd2 Re8 13.Nf1 Nc4 14.a4 b6 15.Qa2 Nd6
16.Ng3 Bb7 17.Re2 a6 18.h4 b5 19.h5 b4 20.hxg6 hxg6 21.Qb1 a5 22.Bxg6 Ba6
23.Bd3 bxc3 24.bxc3 Rb8 25.Qc2 Bxd3 26.Qxd3 Rb3 27.Qc2 Rb6 28.Ng5 Ne4 29.N3xe4 dxe4
30.Qxe4 Qf6 31.Re3 Ne7 32.Qh7+ Kf8 33.Be5 Qg6 34.Qxg6 Nxg6 35.Nh7+ Kg8 36.Nf6+ Bxf6
37.Bxf6 Rc8 38.Rc1 Rc4 39.Bd8 Rb3 40.Bxa5 Rxa4 41.Bb4 Ra2 42.g3 Rbb2 43.Rf3 Kg7
44.Re1 Ra6 45.Kg2 Rc6 46.Rfe3 Ra2 47.R3e2 Raa6 48.Rd1 Rc7 49.d5 e5 50.d6 Rd7
51.c4 f6 52.c5 Kf7 53.Rh1 Ke6 54.f4 Rb7 55.Rh6 Rg7 56.Kf3 Ra4 57.Rb2 Kd7
58.Bd2 Kc6 59.Be3 Nf8 60.fxe5 Nd7 61.exf6 Rf7 62.Kg2 Rc4 63.Rd2 Ne5 64.Bd4  1-0

[Event "Euwe Stimulans"]
[Site "Arnhem NED"]
[Date "2007.08.25"]
[Round "8"]
[White "Gaprindashvili,N1"]
[Black "Panno,O"]
[Result "1/2-1/2"]
[WhiteElo "2364"]
[BlackElo "2457"]

1.d4 Nf6 2.c4 e6 3.Nc3 Bb4 4.g3 O-O 5.Bg2 Bxc3+ 6.bxc3 d6 7.Nf3 Nc6 8.Ba3 Rb8
9.O-O b6 10.Nd2 Qd7 11.e4 Rd8 12.f4 Na5 13.Rf2 Ba6 14.Bf1 c5 15.d5 exd5 16.cxd5 Bxf1
17.Rxf1 Re8 18.Qc2 b5 19.Rae1 Nc4 20.Nxc4 bxc4 21.Re2 Re7 22.Kg2 Ree8 23.Kg1  1/2-1/2

[Event "World Seniors w"]
[Site "Condino ITA"]
[Date "2009.10.28"]
[Round "2"]
[White "Fatalibekova,E"]
[Black "Gaprindashvili,N1"]
[Result "1-0"]
[WhiteElo "2216"]
[BlackElo "2349"]

1.d4 d6 2.c4 g6 3.Nc3 Nd7 4.e4 e5 5.Nf3 Nh6 6.g3 f6 7.Bg2 Nf7 8.O-O Bg7 9.b3 O-O
10.Bb2 c6 11.Qc2 f5 12.exf5 exd4 13.fxg6 hxg6 14.Nd1 Qb6 15.Nxd4 Nde5 16.Ne3 Nh6
17.h3 Kh7 18.Rad1 a5 19.f4 Nef7 20.g4 a4 21.Qb1 axb3 22.axb3 Nh8 23.Kh1 Qd8
24.g5 Ng8 25.h4 Ne7 26.h5 Bxd4 27.Rxd4 Nf5 28.Nxf5 Bxf5 29.Qd1 Nf7 30.Rd2 Qd7
31.hxg6+ Kxg6 32.Bf3 Rh8+ 33.Bxh8 Rxh8+ 34.Rh2 Qe8 35.Bh5+ Rxh5 36.Qxh5+ Kg7
37.Qe2 Be4+ 38.Kg1 d5 39.Qb2+ Kg8 40.Qf6 Qc8 41.Rh4 Qd7 42.Re1 Qc7 43.Rxe4 dxe4
44.g6  1-0

[Event "World Seniors w"]
[Site "Condino ITA"]
[Date "2009.10.29"]
[Round "3"]
[White "Zaitseva,T"]
[Black "Gaprindashvili,N1"]
[Result "0-1"]
[WhiteElo "2221"]
[BlackElo "2349"]

1.b3 e5 2.Bb2 Nc6 3.e3 d6 4.Bb5 Bd7 5.Nf3 e4 6.Bxc6 bxc6 7.Ng1 Qg5 8.g3 Bg4
9.f3 Bh5 10.Qe2 Ne7 11.Qf2 f5 12.Nc3 d5 13.O-O-O Qh6 14.Rf1 O-O-O 15.h3 Be8
16.Nge2 Rg8 17.fxe4 fxe4 18.g4 Bd7 19.Nd4 c5 20.Nf5 Qe6 21.Nxe7+ Bxe7 22.Qf7 Rdf8
23.Qxe6 Bxe6 24.Ne2 g5 25.Be5 Bd6 26.Bxd6 cxd6 27.Ng3 Kd7 28.Kd1 Ke7 29.Ke2 Bc8
30.d3 exd3+ 31.cxd3 Ba6 32.Rxf8 Rxf8 33.Nf5+ Kd7 34.Kd2 h5 35.Rh2 Rf7 36.Ng3 h4
37.Nf5 Kc6 38.Kc3 Bc8 39.Rf2 Be6 40.a3 a5 41.b4 d4+ 42.exd4 cxb4+ 43.axb4 axb4+
44.Kxb4 Kd5 45.Kc3 Bxf5 46.gxf5 Rf8 47.Rf3 Rc8+ 48.Kd2 Kxd4 49.f6 Ke5 50.f7 Rf8
51.d4+ Ke6 52.d5+ Ke7 53.Rf5 Rxf7 54.Rxg5 Rf3 55.Rg7+ Kf6 56.Rg4 Rxh3 57.Re4 Rh2+
58.Ke3 Kg5 59.Re6 h3 60.Rxd6 Re2+ 61.Kxe2 h2 62.Ke3 h1=Q 63.Kd4 Kf5 64.Re6 Qa1+
65.Kc4 Qa4+ 66.Kc5 Qb3 67.Kc6 Qc4+ 68.Kd6 Qb5 69.Re5+ Kf4 70.Re6 Qc4 71.Re7 Qa6+
72.Kd7 Qb7+ 73.Kd6 Qb6+ 74.Kd7 Qb5+ 75.Kd6 Qc4 76.Re6 Kf5 77.Re5+ Kf6 78.Re6+ Kf7
79.Re7+ Kf8 80.Re6 Qd4 81.Kc6 Kf7 82.Kd6 Qf4+ 83.Kc6 Qb4 84.Rd6 Qc4+ 85.Kd7 Qc5  0-1

[Event "World Seniors w"]
[Site "Condino ITA"]
[Date "2009.10.30"]
[Round "4"]
[White "Gaprindashvili,N1"]
[Black "Mira,H"]
[Result "1-0"]
[WhiteElo "2349"]
[BlackElo "2125"]

1.d4 d5 2.c4 c6 3.cxd5 cxd5 4.Nc3 Nf6 5.Bf4 Nc6 6.e3 e6 7.Nf3 Nh5 8.Bg3 Be7
9.Bd3 O-O 10.Ne5 Nxe5 11.Bxh7+ Kxh7 12.Qxh5+ Kg8 13.Bxe5 Qb6 14.Qe2 Bd7 15.O-O Rfc8
16.Qg4 f6 17.Nxd5 exd5 18.Qxd7 fxe5 19.Qxe7 exd4 20.exd4 Qxb2 21.Qe6+ Kf8
22.Qf5+  1-0

[Event "World Seniors w"]
[Site "Condino ITA"]
[Date "2009.10.31"]
[Round "5"]
[White "Miednikova,S"]
[Black "Gaprindashvili,N1"]
[Result "1/2-1/2"]
[WhiteElo "2173"]
[BlackElo "2349"]

1.e4 b6 2.d4 Bb7 3.Nc3 e6 4.Bd3 Nf6 5.Nf3 Bb4 6.Qe2 d5 7.exd5 Nxd5 8.Bd2 Nxc3
9.bxc3 Be7 10.O-O Nd7 11.Be4 Bxe4 12.Qxe4 O-O 13.h4 Nf6 14.Qd3 c5 15.Rfe1 Rc8
16.Ne5 Qd5 17.Bg5 Rc7 18.Qg3 Rfc8 19.Bxf6 Bxf6 20.Ng4 Qd8 21.Nxf6+ Qxf6 22.d5 Rd7
23.dxe6 fxe6 24.Re2 Rcd8 25.Rae1 Rd6 26.Qh3 Rf8 27.Qg3 Rfd8 28.Qh3 Qf5 29.Qxf5 exf5
30.Re8+ Rxe8 31.Rxe8+ Kf7 32.Ra8 Rd7 33.Kf1 Ke6 34.Ke2 Kd5 35.Kd3 Kc6+ 36.Kc4 Re7
37.Kb3 g6 38.c4 Kb7 39.Rf8 Ka6 40.h5 Re2 41.hxg6 hxg6 42.Rf6 Rxf2 43.Rxg6 Ka5
44.Rg7 a6 45.Rg8 f4 46.a3 Re2 47.Rf8 Re3+ 48.Kb2 Re4 49.Kb3 b5 50.cxb5 axb5
51.Rf6 Re3+ 52.Kb2 Re4 53.Kb3  1/2-1/2

[Event "World Seniors w"]
[Site "Condino ITA"]
[Date "2009.11.02"]
[Round "6"]
[White "Gaprindashvili,N1"]
[Black "Khropova,L"]
[Result "1-0"]
[WhiteElo "2349"]
[BlackElo "2081"]

1.d4 Nf6 2.c4 e6 3.Nc3 d5 4.Bg5 c6 5.e3 Nbd7 6.Nf3 Qa5 7.cxd5 exd5 8.Nd2 Bb4
9.Qc2 O-O 10.Bd3 h6 11.Bh4 Re8 12.O-O g5 13.Bg3 Nh5 14.a3 Bxc3 15.bxc3 Nxg3
16.fxg3 Nf8 17.e4 Bg4 18.e5 Qc7 19.Nb3 b6 20.c4 dxc4 21.Bxc4 Be6 22.Rf6 Kg7
23.Raf1 Re7 24.h4 Bxc4 25.Qxc4 Ne6 26.Qe2 Qd7 27.Qh5 Rh8 28.R1f2 a5 29.Nd2 Qa7
30.Ne4 Rh7 31.Nd6 Kg8 32.Nf5 Ng7 33.Nxe7+ Qxe7 34.Qf3 Ne6 35.Qxc6 Nxd4 36.Qd6 Qxd6
37.exd6 Ne6 38.d7 Nd8 39.Re2 Kg7 40.Rd6 Rh8 41.Re8  1-0

[Event "World Seniors w"]
[Site "Condino ITA"]
[Date "2009.11.03"]
[Round "7"]
[White "Gaprindashvili,N1"]
[Black "Strutinskaya,G"]
[Result "1-0"]
[WhiteElo "2349"]
[BlackElo "2292"]

1.d4 d5 2.c4 c6 3.cxd5 cxd5 4.Nc3 Nf6 5.Bf4 Bf5 6.e3 Nc6 7.Nf3 e6 8.Bb5 Nd7
9.Qa4 Qb6 10.O-O Be7 11.Rfc1 Rc8 12.Bxc6 bxc6 13.Nb5 f6 14.Nd6+ Bxd6 15.Bxd6 Qxb2
16.Qxa7 Bd3 17.a4 Qb6 18.Qxb6 Nxb6 19.a5 Nc4 20.Bc5 Kd7 21.Rc3 Be2 22.a6 Nd6
23.Nd2 Ra8 24.a7 Rhc8 25.f3 Rc7 26.Kf2 Bb5 27.e4 Nb7 28.Bb6 Rcc8 29.Nb3 Bc4
30.Na5 Nxa5 31.Rxa5 Re8 32.e5 Kc8 33.Bc5 f5 34.Ke3 Rd8 35.Rc2 Rd7 36.Rb2 Rb7
37.Rxb7 Kxb7 38.g4 g6 39.Ra1 Rg8 40.Rb1+ Bb5 41.Rg1 fxg4 42.Rxg4 g5 43.h4 h6
44.hxg5 hxg5 45.Rg1 Ba4 46.Rh1 Bc2 47.Rh6 Bg6 48.Kf2 Ka8 49.Kg3 Kb7 50.Kg4 Bf5+
51.Kg3 Bg6 52.Rh2 Ka8 53.Kf2 Kb7 54.Ke3 Ka8 55.Kd2 Bf5 56.Kc3 Kb7 57.Kb4 Ka6
58.Rh6 Bg6 59.Rxg6  1-0

[Event "World Seniors w"]
[Site "Condino ITA"]
[Date "2009.11.04"]
[Round "8"]
[White "Fomina,T"]
[Black "Gaprindashvili,N1"]
[Result "0-1"]
[WhiteElo "2232"]
[BlackElo "2349"]

1.e4 b6 2.d4 Bb7 3.Bd3 e6 4.Qe2 g6 5.Nf3 Bg7 6.h4 h6 7.Bf4 d6 8.Nc3 a6 9.e5 d5
10.Nd1 c5 11.c3 Nc6 12.Ne3 Nge7 13.Bc2 Qc7 14.Bg3 O-O-O 15.Bd3 c4 16.Bc2 b5
17.b3 Nf5 18.b4 Nxg3 19.fxg3 f6 20.Ng4 fxe5 21.Ngxe5 Bxe5 22.dxe5 d4 23.cxd4 Nxd4
24.Nxd4 Rxd4 25.Rd1 Rxd1+ 26.Kxd1 Qe7 27.a3 a5 28.Qe1 Bxg2 29.Rh2 Bf3+ 30.Kc1 axb4
31.axb4 Qa7 32.Kb2 Qd4+ 33.Qc3 Rd8 34.Qxd4 Rxd4 35.Rf2 Bd5 36.Rf6 Rd2 37.Kc3 Rg2
38.Bxg6 Rxg3+ 39.Kd4 c3 40.h5 Bb3 41.Rf2 Kb7 42.Bc2 Bxc2 43.Rxc2 Kc6 44.Rf2 Rh3
45.Rf8 Kb7 46.Rf2 Kb6 47.Rg2 Rxh5 48.Kxc3 Kc6 49.Rg8 Rxe5 50.Kd4 Rd5+ 51.Ke4 Rg5
52.Rd8 h5 53.Kf4 Rd5 54.Rc8+ Kd7 55.Rh8 Ke7 56.Ke4 Rf5 57.Rh7+ Kf6 58.Rh8 Kg5
59.Rg8+ Kf6 60.Rh8 Kf7 61.Rh6 Rd5 62.Rh8 Rg5 63.Rh6 Rg4+ 64.Ke5 h4 65.Rf6+ Kg7
66.Rxe6 h3 67.Re7+ Kg6 68.Re8 Kh7 69.Kf6 h2 70.Re7+ Kh8 71.Re8+ Rg8 72.Re1 Rg1
73.Re8+ Kh7  0-1

[Event "World Seniors w"]
[Site "Condino ITA"]
[Date "2009.11.05"]
[Round "9"]
[White "Gaprindashvili,N1"]
[Black "Kozlovskaya,V"]
[Result "1-0"]
[WhiteElo "2349"]
[BlackElo "2252"]

1.d4 d5 2.c4 dxc4 3.Nf3 Nf6 4.e3 a6 5.Bxc4 e6 6.Qe2 c5 7.O-O Nc6 8.Rd1 Qc7
9.Bb3 Be7 10.Nc3 O-O 11.Bd2 Bd7 12.Rac1 b5 13.dxc5 Qa7 14.Ng5 Bxc5 15.Nce4 Be7
16.Bc3 Nxe4 17.Nxe4 b4 18.Be1 Ne5 19.Qh5 Ng6 20.Ng5 Bxg5 21.Qxg5 a5 22.h4 h6
23.Qg3 Rac8 24.h5 Ne7 25.e4 Bb5 26.Bd2 Kh7 27.Be3 Qa6 28.Bd4 Rg8 29.Rxc8 Qxc8
30.Be3 Qb7 31.Qe5 Nc6 32.Qc5 a4 33.Bc2 e5 34.Rd5 b3 35.axb3 axb3 36.Bxb3 Ba6
37.Ba4 Rc8 38.Rd6 Nd8 39.Qxe5 Ne6 40.Rb6 Rc1+ 41.Kh2  1-0

[Event "8th Gyorgy Marx WGM"]
[Site "Paks HUN"]
[Date "2010.08.06"]
[Round "1"]
[White "Vajda,S"]
[Black "Gaprindashvili,N1"]
[Result "1/2-1/2"]
[WhiteElo "2338"]
[BlackElo "2348"]

1.e4 g6 2.d4 c6 3.Nc3 d5 4.h3 Nh6 5.Nf3 f6 6.Bd3 Bg7 7.O-O O-O 8.Ne2 Nf7
9.exd5 cxd5 10.c4 e6 11.Re1 Nc6 12.Nf4 Ng5 13.Nxg5 fxg5 14.Nxe6 Bxe6 15.Rxe6 Nxd4
16.Re1 Rc8 17.cxd5 Qxd5 18.Be4 Qb5 19.Be3 Rcd8 20.Qg4 Bf6 21.a4 Qxb2 22.Rab1 Qa2
23.Rxb7 h5 24.Qd1 Nf5 25.Qb1 Qxb1 26.Rexb1 Nxe3 27.fxe3 Rfe8 28.Bxg6 Rxe3
29.Bxh5 Bd4 30.Kf1 Ra3 31.Rb8 Rxb8 32.Rxb8+ Kg7 33.Rb4 Bb6 34.Bf3 Kf6 35.Rc4 Ke5
36.Ke1 Ra2 37.Kd1 Bd4 38.Kc1 a5 39.Kb1 Rb2+ 40.Kc1 Ra2 41.Kb1 Rb2+ 42.Kc1 Ra2  1/2-1/2

[Event "8th Gyorgy Marx WGM"]
[Site "Paks HUN"]
[Date "2010.08.07"]
[Round "2"]
[White "Gaprindashvili,N1"]
[Black "Galojan,L"]
[Result "1/2-1/2"]
[WhiteElo "2348"]
[BlackElo "2384"]

1.d4 Nf6 2.c4 e6 3.Nc3 Bb4 4.g3 O-O 5.Bg2 d5 6.cxd5 exd5 7.Nf3 Re8 8.O-O c6
9.a3 Bd6 10.b4 a6 11.Qb3 Bg4 12.Re1 Nbd7 13.Bf4 Bxf4 14.gxf4 Bxf3 15.Bxf3 Nb6
16.Bg2 Nc4 17.Rad1 Qd6 18.e3 a5 19.Na4 b5 20.Nc5 axb4 21.axb4 Ra3 22.Qb1 g6
23.Rd3  1/2-1/2

[Event "8th Gyorgy Marx WGM"]
[Site "Paks HUN"]
[Date "2010.08.08"]
[Round "3"]
[White "Madl,I"]
[Black "Gaprindashvili,N1"]
[Result "1-0"]
[WhiteElo "2401"]
[BlackElo "2348"]

1.e4 g6 2.d4 c6 3.Nc3 d5 4.h3 Nh6 5.Nf3 f6 6.Bf4 Nf7 7.exd5 cxd5 8.Nb5 Na6
9.c4 e6 10.Nc3 dxc4 11.Bxc4 Bd6 12.Be3 O-O 13.O-O Nc7 14.Qb3 Kg7 15.Rad1 Re8
16.Rfe1 b6 17.Ne5 Bb7 18.Nxf7 Kxf7 19.Bh6 Qd7 20.Re3 Bf8 21.d5 e5 22.Bxf8 Kxf8
23.Ne4 Kg7 24.d6 Rad8 25.Rc1  1-0

[Event "8th Gyorgy Marx WGM"]
[Site "Paks HUN"]
[Date "2010.08.09"]
[Round "4"]
[White "Kononenko,T"]
[Black "Gaprindashvili,N1"]
[Result "1/2-1/2"]
[WhiteElo "2374"]
[BlackElo "2348"]

1.d4 g6 2.c4 d6 3.Nc3 Nd7 4.e4 e5 5.Nge2 Bg7 6.Be3 Nh6 7.f3 f5 8.Qd2 f4 9.Bf2 g5
10.O-O-O c6 11.Kb1 O-O 12.Nc1 Qe7 13.Nb3 Kh8 14.Be2 Bf6 15.g4 Nf7 16.h4 gxh4
17.Qe1 Rg8 18.Bxh4 Bxh4 19.Rxh4 Rg7 20.Qf2 Nf8 21.Rh5 b6 22.d5 c5 23.Rdh1 Bd7
24.Nc1 a6 25.Bd3 Ng5 26.Be2 Rb8 27.Nd3 b5 28.Ne1 Be8 29.Rh6 Ng6 30.Ng2 bxc4
31.Ka1 Kg8 32.Nh4 Nxh4 33.Qxh4 Bg6 34.Qe1 Qd8 35.Qd2 Rgb7 36.Rb1 Qa5 37.Bd1 Rb4
38.Rh1 Be8 39.Qe1 Bg6 40.Qd2 R8b7 41.Qe1 Be8 42.Rh2 Bg6 43.Rf2 Rb8 44.Rh2 Nf7
45.Rc2 Qd8 46.Rh2 Kg7 47.Ba4 Qc7 48.Qd2 Nd8 49.Qe1 Qe7 50.Qf1 Nf7 51.Qe1 Qd8
52.Bd1 Qg5 53.Ba4 Qd8 54.Bd1 Ng5 55.Qh4 Qf6 56.Qh6+ Kf7 57.Rf2 Qd8 58.Ba4 Kf6
59.Bd1 Qf8 60.Qh4 Qg7 61.Ba4 Be8 62.Bxe8 Rxe8 63.Rh1 Rg8 64.Qh2 Qf8 65.Qg1 Rg6
66.Qf1 Rh6 67.Rxh6+ Qxh6 68.a3 Rb6 69.Qxc4 Qh1+ 70.Qf1 Qxf1+ 71.Rxf1 Rb8
72.Kb1 h5 73.gxh5 Rh8 74.Kc2 Rxh5 75.Nb1 Rh2+ 76.Nd2 Re2 77.Kd1 Rg2 78.Ke1 Ke7
79.Rf2 Rg1+ 80.Rf1 Rg3 81.Rf2 Kf6 82.Ke2 Nh3 83.Rh2 Kg5 84.Nf1 Kh4 85.Nd2 Rg8
86.Nf1 Rb8 87.Ke1 Rb3 88.Nd2 Rxb2 89.Rg2 Rb8 90.Rg6 Ng5 91.Rh6+ Kg3 92.Rg6 Kh4
93.Rh6+ Kg3 94.Rg6 Kh4  1/2-1/2

[Event "8th Gyorgy Marx WGM"]
[Site "Paks HUN"]
[Date "2010.08.10"]
[Round "5"]
[White "Gaprindashvili,N1"]
[Black "Toth,Li"]
[Result "1-0"]
[WhiteElo "2348"]
[BlackElo "2235"]

1.d4 d5 2.c4 c6 3.Nf3 Nf6 4.Qb3 dxc4 5.Qxc4 Bf5 6.g3 e6 7.Bg2 Nbd7 8.O-O Be7
9.e3 O-O 10.Qe2 Ne4 11.Nc3 Nxc3 12.bxc3 Be4 13.Bh3 c5 14.Nd2 Bc6 15.e4 cxd4
16.cxd4 Nf6 17.Bb2 Qa5 18.Rfc1 Bb4 19.Nb3 Qd8 20.f3 a5 21.Rab1 Qe7 22.Nc5 Nd7
23.Nd3 Rfc8 24.Nxb4 axb4 25.Ba1 Rd8 26.Qb2 Nf6 27.Rc4 Ra3 28.Bg2 Rda8 29.Qxb4 Qxb4
30.Rbxb4 Rxa2 31.Bb2 R2a4 32.Kf2 Kf8 33.Ke3 Rxb4 34.Rxb4 Ra4 35.Rb3 Ke8 36.h3 Kd7
37.f4 Ra5 38.g4 Rb5 39.Rxb5 Bxb5 40.d5 Bc4 41.Kd4 exd5 42.exd5 b5 43.Kc5 Ne8
44.Be5 f6 45.Bb8 Nc7 46.Bxc7 Kxc7 47.d6+ Kd7 48.Bc6+ Kd8 49.Bxb5 Be6 50.Bd3 h6
51.Bf5 Bf7 52.h4 Bb3 53.g5 hxg5 54.fxg5 fxg5 55.hxg5 Bd1 56.Kd4 Ba4 57.Ke5 Bb3
58.Bd3 Kd7 59.Bb5+ Kd8 60.Kf5 Bc2+ 61.Ke5 Bb3 62.Bc6 Bg8 63.Bb5 Bb3 64.Be2 Kd7
65.Bg4+ Kd8 66.Be6 Bc2 67.Bc4 Kd7 68.Bb5+ Kd8 69.Bc6 Bb3 70.Kf5 Bc2+ 71.Be4 Bb3
72.Kg6 Kd7 73.Kxg7 Kxd6 74.Kf6 Bg8 75.g6 Kd7 76.g7 Kd8 77.Bg6  1-0

[Event "8th Gyorgy Marx WGM"]
[Site "Paks HUN"]
[Date "2010.08.12"]
[Round "6"]
[White "Gaprindashvili,N1"]
[Black "Vajda,S"]
[Result "1-0"]
[WhiteElo "2348"]
[BlackElo "2338"]

1.d4 d5 2.c4 e6 3.Nf3 Nf6 4.Bg5 Be7 5.Nc3 h6 6.Bh4 O-O 7.e3 b6 8.Bxf6 Bxf6
9.cxd5 exd5 10.g3 c6 11.Bg2 Ba6 12.Ne2 Nd7 13.O-O c5 14.Re1 cxd4 15.exd4 Bxe2
16.Rxe2 Re8 17.Rxe8+ Qxe8 18.Qb3 Rd8 19.Re1 Qf8 20.Qa4 a5 21.a3 Qd6 22.Bh3 Nf8
23.Rc1 Qe7 24.Kg2 Qe2 25.Rc2 Qd1 26.Qc6 Ng6 27.Qc7 Re8 28.Bd7 Rf8 29.Bb5 Ne7
30.Be2 Qb1 31.Bd3 Qd1 32.Rc3 g5 33.Qxb6 Kg7 34.h3 h5 35.Ne5 g4 36.hxg4 hxg4
37.Bc2 Qe2 38.Nd7 Qe6 39.Qxe6 fxe6 40.Nxf8 Kxf8 41.b4 axb4 42.axb4 Bxd4 43.Ra3 Nc6
44.b5 Ne5 45.Ra4 Bc5 46.Bd1 d4 47.Ra6 Ke7 48.b6 Kd6 49.b7+ Kc7 50.Rxe6 Nd7
51.Bxg4 Kxb7 52.Bf3+ Kc7 53.Rc6+ Kd8 54.Bg4 Be7 55.Bxd7 Kxd7 56.Rc4 Bf6 57.Kf3  1-0

[Event "8th Gyorgy Marx WGM"]
[Site "Paks HUN"]
[Date "2010.08.13"]
[Round "7"]
[White "Galojan,L"]
[Black "Gaprindashvili,N1"]
[Result "1/2-1/2"]
[WhiteElo "2384"]
[BlackElo "2348"]

1.d4 d5 2.c4 e6 3.Nc3 Nf6 4.Bg5 Be7 5.e3 Nbd7 6.Rc1 h6 7.Bh4 O-O 8.Nf3 c6
9.Bd3 dxc4 10.Bxc4 b5 11.Bd3 Bb7 12.O-O Rc8 13.a3 a5 14.Qb3 b4 15.axb4 axb4
16.Bxf6 Nxf6 17.Ne4 c5 18.Nxc5 Bxc5 19.Rxc5 Rxc5 20.dxc5 Qa5 21.Rc1 Rc8 22.Nd4 Rxc5
23.Rxc5 Qxc5 24.Nc2 Nd5 25.Qc4 Qxc4 26.Bxc4 Nb6 27.Bb3 Bd5 28.Bxd5 Nxd5 29.Kf1 b3
30.Na3 Nb6 31.Ke2 Na4 32.Nc4 Kf8 33.Kd3 Ke7 34.Kd4 f6 35.f4 h5 36.e4 Kd7
37.f5 exf5 38.exf5 Kc6 39.Na5+ Kd6 40.Nc4+ Kc6 41.g3 Kb5 42.Kd5 Kb4 43.h4 Nc5
44.Nd2 Nd3 45.Ke6 Nxb2 46.Kf7 Nc4 47.Nxb3 Nd6+ 48.Kxg7 Nxf5+ 49.Kxf6 Nxg3
50.Nd4 Kc4 51.Ke5  1/2-1/2

[Event "8th Gyorgy Marx WGM"]
[Site "Paks HUN"]
[Date "2010.08.14"]
[Round "8"]
[White "Gaprindashvili,N1"]
[Black "Madl,I"]
[Result "1-0"]
[WhiteElo "2348"]
[BlackElo "2401"]

1.d4 d5 2.c4 e6 3.Nf3 c6 4.Qb3 Nf6 5.g3 dxc4 6.Qxc4 b5 7.Qc2 Bb7 8.Bg2 Nbd7
9.a4 c5 10.O-O Be4 11.Qd1 cxd4 12.Nbd2 Bd5 13.Nxd4 Bxg2 14.Kxg2 bxa4 15.Qxa4 Bc5
16.N2f3 O-O 17.Rd1 Qb6 18.Rd3 e5 19.Rb3 Qd6 20.Nb5 Qc6 21.Nc3 Qe6 22.Ng5 Qf5
23.Nce4 Nb6 24.Qc6 Nxe4 25.Rf3 Qg6 26.Qxg6 hxg6 27.Nxe4 Be7 28.Rb3 f5 29.Nc3 Rfc8
30.Be3 Bd8 31.Ra6 Nc4 32.Bxa7 Nxb2 33.Nd5 Nc4 34.Rb7 Na5 35.Rd7 Kh7 36.Re6 Nc6
37.Bb6 Rab8 38.Rxc6 Rxc6 39.Bxd8 Rc2 40.Bf6 g5 41.Rxg7+  1-0

[Event "8th Gyorgy Marx WGM"]
[Site "Paks HUN"]
[Date "2010.08.15"]
[Round "9"]
[White "Toth,Li"]
[Black "Gaprindashvili,N1"]
[Result "0-1"]
[WhiteElo "2235"]
[BlackElo "2348"]

1.e4 b6 2.d4 Bb7 3.Nc3 e6 4.Be3 g6 5.Qd2 d5 6.e5 Ne7 7.Bd3 Nf5 8.Bxf5 gxf5
9.Nh3 Be7 10.Qe2 h5 11.Nf4 h4 12.O-O-O Nd7 13.g4 fxg4 14.Qxg4 Nf8 15.Nh5 Qd7
16.Ng7+ Kd8 17.f4 Ba6 18.f5 Kc8 19.f6 Bb4 20.Nb1 Ng6 21.Rhg1 Rg8 22.Qf3 Kb7
23.a3 Bf8 24.Nh5 Rh8 25.Nf4 Nxf4 26.Bxf4 c5 27.dxc5 bxc5 28.Nc3 Qc6 29.Bg5 Kc7
30.Rde1 Rb8 31.Rg4 Qb6 32.Nd1 d4 33.Bxh4 Bb7 34.Qg3 Bd5 35.Rg7 c4 36.Rxf7+ Kc6
37.Rxf8 Rhxf8 38.Bg5 Rf7 39.Bh6 Rd7 40.Rf1 c3 41.bxc3 Qb1+ 42.Kd2 Be4 43.Ke1 Qxc2
44.Rf2 Qa4 45.f7 Rb1 46.Rd2 Rxf7 47.Rxd4 Qc2 48.Qe3 Bd5 49.Rd2 Qf5 50.Qe2 Kc7
51.c4 Bf3 52.Qe3 Bb7 53.Qc5+ Bc6 54.Qxa7+ Kc8 55.Qg1 Qxe5+ 56.Be3 Rg7 57.Qf2 Rg8
58.h4 Qe4 59.Rb2 Qh1+ 60.Kd2 Rxb2+  0-1

[Event "8th Gyorgy Marx WGM"]
[Site "Paks HUN"]
[Date "2010.08.16"]
[Round "10"]
[White "Gaprindashvili,N1"]
[Black "Kononenko,T"]
[Result "1/2-1/2"]
[WhiteElo "2348"]
[BlackElo "2374"]

1.d4 d5 2.c4 c6 3.Nf3 Nf6 4.cxd5 cxd5 5.Nc3 Nc6 6.Bf4 a6 7.e3 Bg4 8.Be2 e6
9.Ne5 Bxe2 10.Qxe2 Nxe5 11.Bxe5 Be7 12.O-O O-O 13.Rfc1 Nd7 14.Bg3 Rc8  1/2-1/2

[Event "20th World Seniors Women"]
[Site "Arco ITA"]
[Date "2010.10.26"]
[Round "1"]
[White "Gaprindashvili,N1"]
[Black "Shushpanova,N"]
[Result "1/2-1/2"]
[WhiteElo "2363"]
[BlackElo "1993"]

1.d4 d6 2.c4 e5 3.Nf3 e4 4.Ng5 f5 5.Nc3 Nf6 6.h4 Nc6 7.e3 Ne7 8.Nh3 c6 9.d5 Ng6
10.h5 Ne5 11.Nf4 Be7 12.b3 Nfg4 13.Be2 O-O 14.Bb2 Bh4 15.g3 Bf6 16.Qd2 Re8
17.Kf1 c5 18.Kg2 a6 19.a4 Qb6 20.Qc2 Nd3 21.Nxd3 exd3 22.Bxd3 Rxe3 23.Rhe1 Rxe1
24.Rxe1 Ne5 25.Bf1 Bd7 26.Bc1 Re8 27.f4 Nf7 28.Rxe8+ Bxe8 29.Nd1 Bd7 30.Ne3 g6
31.hxg6 hxg6 32.g4 Bd4 33.gxf5 Bxe3 34.Bxe3 Bxf5 35.Bd3 Nh6 36.Bd2 Qd8 37.Bxf5 Nxf5
38.Qe4 Qf6 39.Qe2 Kf7 40.Be1 Nd4 41.Qg4 Qf5 42.Qh4 Qe4+ 43.Kh3 Qe7 44.Kg4 Qxh4+
45.Bxh4 Nxb3 46.Be1 Nd4 47.Ba5 Nc2 48.Bc7 Ne3+ 49.Kg5 Nxc4 50.a5 Ne3 51.Bxd6 c4
52.Ba3 Nxd5 53.f5 gxf5 54.Kxf5 Ne7+ 55.Ke5 Nc6+ 56.Kd6 Nd4 57.Bb2 Nb3 58.Kc7 b5
59.Kb6 b4 60.Bh8 Ke6 61.Kxa6 c3 62.Kb5 c2 63.Bb2  1/2-1/2

[Event "20th World Seniors Women"]
[Site "Arco ITA"]
[Date "2010.10.28"]
[Round "3"]
[White "Gaprindashvili,N1"]
[Black "Fatalibekova,E"]
[Result "1-0"]
[WhiteElo "2363"]
[BlackElo "2270"]

1.d4 Nf6 2.c4 e6 3.Nc3 Bb4 4.g3 O-O 5.Bg2 d5 6.cxd5 exd5 7.Nf3 c6 8.O-O Re8
9.Bf4 Nbd7 10.Qc2 Nf8 11.a3 Be7 12.Rad1 Ng6 13.Bc1 Bd7 14.Ne5 Qc8 15.Nxd7 Qxd7
16.Kh1 h5 17.h3 Ne4 18.Nxe4 dxe4 19.Bf4 Nf8  1-0